[Event "USA-ch"]
[Site "Seattle"]
[Date "2002.01.05"]
[Round "1"]
[White "Kriventsov, Stanislav G"]
[Black "Gulko, Boris F"]
[Result "0-1"]
[WhiteElo "2415"]
[BlackElo "2601"]
[Annotator "Tyomkin,D"]
[PlyCount "90"]
[EventDate "2002.01.05"]
[EventType "swiss"]
[EventRounds "9"]
[EventCountry "USA"]
[SourceTitle "CBM 087"]
[Source "ChessBase"]
[SourceDate "2002.03.21"]
[SourceVersion "1"]
[SourceVersionDate "2002.03.21"]
[SourceQuality "1"]

1. e4 c5 2. Nf3 Nc6 3. d4 cxd4 4. Nxd4 Nf6 5. Nc3 d6 6. Bg5 Qb6 7. Nb3 e6 8.
Qd2 a6 {delaying the development of Bf8 for a while;} 9. O-O-O Qc7 10. f3 ({
Theory is:} 10. Kb1 b5 11. f4 ({or} 11. Bxf6)) 10... Rb8 {This line was tried
by GM Khasin, but without big success- he scored 0 points out of 3 games
mentioned below....} 11. g4 (11. Kb1 b5 {and here white had cleared the way
back for the bishop g5 by removing queen from d2;} 12. Qf2 (12. Qe1 Be7 13. h4
h6 14. Bc1 b4 15. Ne2 e5 16. c4 $6 {too ambitious;} a5 $6 (16... bxc3 $5 17.
Nxc3 Be6 $15) 17. Be3 a4 18. Nbc1 Be6 19. Ng3 Na5 (19... b3 $1) 20. b3 Qc6 21.
Qd2 Nd7 22. Nf5 Bxf5 23. exf5 Nc5 {1/2-1/2 Van der Weide,K-Bakre,T/York 2000/
CBM 79 ext (23)}) 12... Ne5 13. Bc1 b4 14. Ne2 a5 15. g4 a4 {with good play
for black; 1/2-1/2 Beshukov,S-Shushpanov,R/Tomsk RUS 2001/The Week in Chess
348 (40)}) 11... b5 12. Kb1 (12. Be3 {Gofshtein,L} Nd7 {[%csl Rc4][%cal Yd7b6,
Yb6c4] Black transfer knight from f6 to more active position} (12... b4 13. Ne2
a5 14. Kb1 a4 15. Nbd4 Ne5 16. Nf4 Nc4 17. Bxc4 Qxc4 18. e5 $5 Nd7 19. exd6 e5
{with lots of complications, but white has large advnatage in development,
which gives him the hope to finish the game by direct attack; 1-0 Kurnosov,
I-Khasin,A/Tomsk 2001/CBM 83 ext (74)}) 13. Qf2 Nb6 14. Kb1 b4 15. Ne2 Be7 16.
h4 Ne5 17. Ned4 Nbc4 (17... d5 $5 $132 {Gofshtein,L} 18. Bf4 Bd6) 18. Bc1 a5 (
18... Bb7 $132 {Gofshtein,L}) 19. f4 Nd7 $2 {This is move -decisive mistake.} (
19... Nxg4 $8 {Gofshtein,L} 20. Qe2 e5 21. Nf5 a4 22. Qxg4 g6 23. Bxc4 Qxc4 24.
Nd2 Qc5 $132) 20. Bxc4 Qxc4 21. Nxa5 Qa6 22. Nac6 $16 Ra8 (22... Rb7 {
Gofshtein,L} 23. Qe1 {[%csl Rb4][%cal Yc6b4,Ye1b4]}) 23. Nxb4 $44 {1-0 Lastin,
A-Khasin,A/Elista 2001/CBM 83/[Gofshtein,L] (39) White has two extra pawns
without any compensation}) 12... Ne5 13. Qf2 Be7 $146 (13... b4 {Gofshtein,L}
14. Ne2 a5 15. Nbd4 Nc4 16. Ng3 {[%cal Yg3h5,Yg3f5]} (16. Bxf6 $5 {Gofshtein,L}
gxf6 17. Ng3) 16... Be7 17. Bxc4 {White change of black's knight,in this way,
decrease attack potential of black pieces.} Qxc4 18. Bc1 {White try to prepare
pawn attack on the king side.} Bb7 (18... O-O $5 {Gofshtein,L}) (18... Ba6 {
Gofshtein,L}) 19. g5 Nd7 20. h4 g6 $6 {Much better look d5 with counterplay.} (
20... d5 $5 {Gofshtein,L} 21. b3 Qc7 22. exd5 Bxd5 23. Ndf5 Bc5 24. Be3 O-O
$132) 21. h5 e5 $2 (21... Rc8 $5 {Gofshtein,L} 22. hxg6 fxg6 23. b3 Qc5 24. Be3
Bxg5 25. Bxg5 Qxg5 26. Nxe6 Qe5 $13) 22. b3 $1 Qc8 $2 {Probably, it is
decisive mistake.Black would be to resistance serious after 22.Qc5.} (22... Qc5
$5 {Gofshtein,L} 23. Be3 Bxg5 24. Bxg5 exd4 25. Qxd4 Qxg5 26. Qxh8+ Ke7 27.
Qxh7 Nf6 28. hxg6 Nxh7 29. Nf5+ Qxf5 30. exf5 Ng5 $13) 23. hxg6 $1 fxg6 (23...
exd4 $2 {Gofshtein,L} 24. Rxh7 $18) 24. Ne6 $40 {1-0 Beshukov,S-Khasin,A/
Elista 2001/CBM 83/[Gofshtein,L] (39)}) 14. Bc1 b4 15. Ne2 Bb7 $1 {intending
d6-d5 central break; In addition, there is Nxe4 threat;} 16. Ned4 h6 $6 {
Black intends to keep his king in the centre for a while, trusting in d6-d5
break; But the natural way-16...0-0 looks more logical:} (16... O-O $5 17. g5
Nfd7 18. h4 d5 19. f4 Nc4 20. e5 a5 {with mutual attacks, but black looks ok;})
17. h4 d5 18. Qg1 {[%cal Yg1h1,Gg4g5] Now g4-g5 is a threat- Qg1 is protecting
the rook;} (18. Rg1 dxe4 19. g5 hxg5 20. hxg5 Nfd7 21. fxe4 (21. g6 Nxg6 22.
Nxe6 fxe6 23. Rxg6 exf3 24. Nd4 Rh2 $17) 21... Bxe4 $15) 18... dxe4 19. g5 Nfd7
20. g6 (20. gxh6 gxh6 (20... g6 21. h5 $36) 21. f4 Nc6 (21... Nf3 $2 22. Nxf3
exf3 23. Qg7 Bf6 24. Rxd7 $1 {[%csl Rc7,Rf6]}) (21... Nc4 22. f5 e5 23. Ne6 $1
{and white breaks thru;} fxe6 $140 ({or} 23... Qc6 24. Bxc4 Qxc4 25. Na5 Qc8
26. Ng7+ Kf8 (26... Kd8 27. Be3 $16 {[%csl Rd8][%cal Ge3b6]}) 27. Nh5 {[%csl
Rh6][%cal Gg1g7]}) 24. Qg6+ Kd8 25. fxe6 {[%cal Yd1d8]}) 22. f5 Nxd4 23. Nxd4
e5 24. Ne6 Qc6 $1 {black holds the defense this way;} 25. Ng7+ Kf8 26. Nh5 Rg8
{comparing vs 21...Nc4 line, h6 is guarded here;}) 20... Bf6 (20... Nxg6 21.
Nxe6 Qe5 22. Bh3 $1 $36 {There is no good way for black to continue....}) 21.
Bh3 O-O $5 {[%mdl 512] Black sacrifices an exchange, but completes the
development; Black can stay vs pawn up, but white would get very strong
initiative against black king uncastled in the centre;} (21... Nf8 22. gxf7+
Qxf7 (22... Nxf7 23. Nxe6 Nxe6 24. Bxe6 O-O (24... exf3 25. Qg6 $18 {[%cal
Gd1d7]}) 25. Nc5 $1 {[%cal Gc5d7]}) 23. fxe4 Bxe4 24. Bg2 Bxg2 25. Qxg2 Rc8 26.
Rhe1 $44 {white has clear compensation here;}) 22. gxf7+ Rxf7 23. f4 Nf3 24.
Nxf3 exf3 25. Bxe6 Nf8 26. Bxf7+ Qxf7 27. Qf2 {There was much more active way
for white which could cause black troubles:} (27. Qc5 $5 {[%cal Gc5b4] and
black can not activate his pieces that easy, like it is happened in the game;})
27... Rc8 28. Be3 Ng6 29. h5 Ne7 30. Bd4 Be4 31. Rd2 Bxd4 32. Qxd4 $2 (32. Nxd4
$142 {[%cal Gd4f3] keeping c2 well-protected and attacking f3; but perhaps
white missed the following tactics:} Qxf4 $140 33. Rh4 Qe5 34. Qe1 $18 {
winning material;}) 32... Qf5 {Now black got some freedom for his pieces and
c2 is a target for attack;;} 33. Rc1 $6 {White could use Rh1 for attacking
purposes, moving the knight to the corner to guard c2;} (33. Na1 Nd5 34. Rg1 {
[%cal Gd4e5] and black should think about the defense already;}) 33... Nd5 34.
Nc5 $4 (34. Rg1 $1 Nf6 (34... Bxc2+ $2 35. Rxc2 $1 Qxc2+ 36. Ka1 {[%csl Rd5,
Rg7]} Nf6 37. Qxf6 $18) 35. Qxb4 {and white still has material advantade,
although black has some comp thnx to the active pieces;}) 34... Rxc5 $19 35.
Re1 Rxc2 36. Rxc2 Bxc2+ 37. Ka1 Nxf4 38. Re8+ Kh7 39. Qd8 Nxh5 40. Rh8+ Kg6 41.
Qe8+ Kg5 42. Qe7+ Kg4 43. Rf8 Qe4 44. Qd7+ Kg3 45. Re8 f2 0-1

[Event "Elbow Beach Club GM-B"]
[Site "Paget Parish"]
[Date "2001.01.26"]
[Round "7"]
[White "Blehm, Pawel"]
[Black "Tyomkin, Dimitri"]
[Result "1-0"]
[WhiteElo "2512"]
[BlackElo "2496"]
[Annotator "Tyomkin,D"]
[PlyCount "79"]
[EventDate "2001.01.19"]
[EventType "tourn"]
[EventRounds "11"]
[EventCountry "BER"]
[EventCategory "9"]
[SourceTitle "CBM 081"]
[Source "ChessBase"]
[SourceDate "2001.03.20"]
[SourceVersion "1"]
[SourceVersionDate "2001.03.20"]
[SourceQuality "1"]

1. e4 c5 2. Nf3 d6 3. d4 cxd4 4. Nxd4 Nf6 5. Nc3 Nc6 6. Bg5 e6 7. Qd2 a6 8.
O-O-O h6 9. Be3 Be7 10. f3 Nxd4 11. Bxd4 b5 12. Kb1 Rb8 13. Ba7 Rb7 14. Be3 b4
15. Ne2 e5 16. Nc1 Rb8 (16... Be6 $6 $146 17. Bxa6 Rb8 18. Qe2 $1 $16 {[%cal
Ra6b5,Ra6c4] 1-0 Shahade,G-Tyomkin,D/Bermuda open 2001/[Tyomkin,D] (53) /\Bb5,
Bc4 This is a refutation of 16...Be6 move. White has to threats right now: a)
Bc4- to trade bishops, control the diagonal e6-a2, and to block d5-square; b)
Bb5- and there black has to play Kf8, losing the possibility to castle, or Nd7,
leaving without d5-break.}) 17. Bc4 a5 18. g4 Be6 (18... Qc7) 19. Bxe6 fxe6 20.
h4 Nd7 21. f4 Qc7 22. g5 $1 $146 {[%mdl 8] Creating black immediate problems.
White opens files over the kingside and black king becomes vulnerable.} (22.
Nd3 Nf6 $1 23. Nf2 (23. fxe5 Nxe4 {[%cal Gd6d5]}) 23... exf4 24. Bxf4 e5 25.
Be3 Qc4 26. g5 Nxe4 27. Nxe4 Qxe4 28. gxh6 gxh6 29. Rhe1 Qc4 30. Bxh6 b3 $1 31.
axb3 Qb4 32. Qc1 a4 $132 {1/2-1/2 Klovans,J-Avrukh,B/Biel 2000/CBM 77 ext (56)}
) 22... hxg5 (22... a4 23. f5 {White's pressure over the kingside is very
dangerous.}) (22... h5 23. f5 exf5 24. exf5 Qc4 {[%csl Yd5]} 25. Ne2 a4 26. Ng3
$36 {[%cal Gf5f6,Yg3f5] Black king doesn't have a safe place over the board.})
23. hxg5 Rxh1 24. Rxh1 exf4 25. Bxf4 e5 $6 {Black's position was unpleasant
anyhow, but it weakens it all light square in the center.} (25... Nf8 26. Qe2
$1 {[%cal Ye2h5,Ge4e5,Yc1d3] and black can not really do too much here.}) 26.
Be3 Qc4 27. Qg2 Nf8 28. b3 Qc6 29. Nd3 $16 {[%cal Gd3b2,Gb2c4] /\Nb2-c4} a4 $2
{It doesn't help black to create a counterplay over the queenside, but just
weakens b4-pawn.} (29... Rc8 $142 30. Nb2 Qc3 {and black can survive for a
while.}) 30. Nb2 $6 {White missed the way to win b4-pawn, but Nb2 leads to the
big advantage for white as well.} (30. Bd2 {[%csl Rb4] White could win b4
immediatly by this simple move.}) 30... axb3 31. cxb3 {White gets the c-file
in addition to all his strategical preferences.} Rd8 32. Rc1 Qb5 33. Rd1 $1 {
[%csl Yd5] The idea is to prevent any kind of counerplay of black based on
d6-d5 break.} (33. Nc4 $6 d5 34. Nxe5 Nd7 $5 $132 (34... d4 35. Qh2 $1 {
[%cal Gh2f4]} dxe3 36. Qf4 $18 {[%cal Gf4f7]})) 33... g6 34. Nc4 {[%cal Gc4b6]}
Ne6 35. Qg4 $1 {Black is forced to move the knight back after this move.} Nf8
36. Qf3 {[%cal Yf3d5,Gd1f1]} Qc6 37. Nb6 $18 {[%cal Gb6d5]} Rb8 38. Nd5 {
Look on the path of this heroic knight: first he was transfered to c1 to
protect the queenside, than he was moved to d3 and outposted on c4 later, and,
finally, he found himself the perfect outpost on d5!} Rc8 39. Rf1 Kd8 (39...
Qc2+ 40. Ka1 Kd7 41. Qf7 Re8 42. Nf6+ $18) 40. Qf7 1-0

[Event "Salou-A"]
[Site "Salou"]
[Date "2000.10.16"]
[Round "1"]
[White "Montell Lorenzo, Joan Carlos"]
[Black "Tyomkin, Dimitri"]
[Result "0-1"]
[WhiteElo "2327"]
[BlackElo "2522"]
[Annotator "Tyomkin,D"]
[PlyCount "68"]
[EventDate "2000.10.16"]
[EventType "tourn"]
[EventRounds "9"]
[EventCountry "ESP"]
[EventCategory "10"]
[SourceTitle "CBM 080"]
[Source "ChessBase"]
[SourceDate "2001.01.25"]
[SourceVersion "1"]
[SourceVersionDate "2001.01.25"]
[SourceQuality "1"]

1. e4 c5 2. Nf3 d6 3. d4 cxd4 4. Nxd4 Nf6 5. Nc3 Nc6 6. Bg5 e6 7. Qd2 a6 8.
O-O-O h6 9. Nxc6 bxc6 10. Bf4 d5 11. Qe3 Be7 (11... Bb4 12. Be2 O-O 13. e5 Nd7
14. Qg3 Kh8 15. Qh3 Kg8 16. Rd3 Qe7 17. Rg3 Nxe5 18. Bxe5 f6 19. a3 (19. Qxh6
fxe5 20. Bd3 e4 21. Nxe4 $1 dxe4 22. Bxe4 Rf5 $8 23. Bxf5 exf5 24. Qxc6 $16 {
[%csl Rc4] This way white gets advantage in this line.}) 19... Bc5 20. Qxh6
fxe5 21. Bd3 e4 22. Nxe4 dxe4 23. Bxe4 Rf5 24. Bxf5 exf5 25. Qxc6 Bb7 $17 {
0-1 Greenfeld,A-Tyomkin,D/Ramat Aviv 1998/CBM 68 (37)}) (11... Qa5 12. Be2 dxe4
13. Qg3 $1 $146 Nd5 (13... Qf5 $5 14. Rhe1 Nd5 15. Nxd5 $1) 14. Nxd5 $3 {
This move I had missed in home analyse.White tries to use an advantage in
development changing the main defender of blacks position. It wasn't a home
preparation, just a great improvisation.} (14. Be5 Nxc3 15. Bxc3 Qg5+ $1 {
with the safe ending for black.}) 14... cxd5 (14... exd5 15. Kb1 Be6 16. f3
exf3 17. Bxf3 $18 {[%cal Gh1e1]}) 15. Kb1 g6 {Other way black has a problem
with development of kingside pieces.} 16. Be5 Rg8 17. f3 e3 18. f4 Bc5 19. Bd4
Rb8 20. Qxe3 Bxd4 21. Rxd4 $16 {1-0 Tseitlin,M-Tyomkin,D/Tel Aviv ISR 1999 (62)
}) 12. Be2 Nd7 $5 $146 {The temporary solution of problems in this opening
variation. Black delays the castle and opens the diagonal for the bishop-e7.} (
{After previously played} 12... O-O {white gets dangerous attack against black
king.}) 13. exd5 cxd5 14. Rhe1 O-O 15. g4 Bb7 16. Rg1 Re8 $1 {Intending e6-e5.}
(16... Bg5 17. Bxg5 Qxg5 18. f4 Qh4 19. g5 $13 {But whites attack on the
kingside looks dangerous.}) 17. g5 hxg5 (17... e5 18. gxh6 $1) 18. Bxg5 Bxg5
19. Rxg5 Qf6 20. Rdg1 g6 {g6-point is a key square now. Black can protect it
by Nf8 and Kg7, and probably in time.} 21. h4 $2 {It's too much. The
punishment is coming through the center.} (21. Bh5 Nf8 22. Qd3 Kg7 23. Ne2 e5
$15) (21. Bd3 Nf8 (21... d4 22. Qg3 Nf8 (22... dxc3 23. Bxg6 cxb2+ 24. Kb1 Kf8
25. Bxf7 $1 $16) 23. Ne4 Bxe4 24. Bxe4 Rab8 25. h4 $16 {[%cal Gh4h5]}) 22. Ne2
e5 $15) 21... d4 22. Qd3 (22. Qd2 dxc3 23. Qxd7 cxb2+ 24. Kb1 Be4 $19) 22...
Qf4+ 23. Kb1 Ne5 $1 $19 {and still black is keeping protection on g6.} (23...
dxc3 24. Qxd7 (24. Rxg6+ Kf8 $1 $17) 24... Be4 $15) 24. Rxe5 Qxe5 25. h5 dxc3
26. hxg6 f5 $1 {The easiest. White doesn't have pieces to create something
serious.} 27. g7 (27. Qd7 Qg7 $19) 27... Re7 28. f4 Qb5 (28... Qxf4 29. Qh3
Rxg7 $19) 29. Qxc3 Qxe2 30. Qf6 Rc8 {Finally black is attacking by himself,
but there are enough pieces to finish the attack.} 31. c3 Rd8 32. Rc1 Qd2 {
[%cal Gb7e4]} 33. a4 Be4+ 34. Ka2 Rb8 $1 {Mating.} 0-1

[Event "ISR-chT"]
[Site "Israel"]
[Date "2001.02.17"]
[Round "2.6"]
[White "Kagan, Yosef"]
[Black "Tyomkin, Dimitri"]
[Result "1/2-1/2"]
[WhiteElo "2334"]
[BlackElo "2500"]
[Annotator "Tyomkin,D"]
[PlyCount "90"]
[EventDate "2001.02.??"]
[EventType "team"]
[EventRounds "11"]
[EventCountry "ISR"]
[SourceTitle "CBM 081"]
[Source "ChessBase"]
[SourceDate "2001.03.20"]
[SourceVersion "1"]
[SourceVersionDate "2001.03.20"]
[SourceQuality "1"]

1. e4 c5 2. Nf3 d6 3. d4 cxd4 4. Nxd4 Nf6 5. Nc3 Nc6 6. Bg5 e6 7. Qd2 a6 8.
O-O-O h6 9. Bf4 Bd7 10. Nb3 {The attempt to get rid of main theoretical lines.}
(10. Nxc6 {-usually white makes this move here.}) 10... Ne5 $1 {This is very
useful move in Rauzer, while white bishop is on f4.} (10... b5 {[%csl Re4]
[%cal Gb5b4]} 11. Re1 (11. Bd3 $142) (11. Bxd6 $6 b4) 11... e5 (11... Ne5 $5)
12. Bg3 b4 13. Nd5 a5 14. Kb1 a4 15. Nc1 $13 {1/2-1/2 Lederman,L-Shrentzel,I/
Beersheba 1988/CBM 09 (31)}) (10... e5 $5 11. Be3 Rc8 12. f3 Be6 13. g4 Nb4 {
[%cal Gd6d5,Rb4a2]} 14. a3 Bxb3 15. axb4 (15. cxb3 Na2+ 16. Kb1 Nxc3+ 17. bxc3
Qa5 18. Kb2 d5 $1 $36) 15... Be6 16. h4 Qc7 17. Rh2 $14 {[%cal Gg4g5,Yd2h2]
0-1 Morgan,M-Ashley,M/New York 1991/CBM 23 (33)}) 11. f3 $146 {Harmless move.}
(11. Bg3 {[%cal Gf2f4]} b5 12. f4 b4 $1 {Following complications are in
black's favour.} 13. fxe5 bxc3 14. Qxc3 Nxe4 15. Qf3 d5 16. Bd3 Nxg3 17. hxg3
Be7 $17 {0-1 Kosashvili,Y-Rechlis,G/ISR-ch 1986/CBM 01 (39)}) 11... Qc7 12. Be2
$6 {Wrong place for this bishop. Already after the next move of black, white
had to look for another square for this bishop.} (12. Bd3 $142 $15) 12... b5
13. Bd3 {Setting free e2-square for the knight c3.} Be7 (13... Nxd3+ $5 14.
Qxd3 b4 15. Ne2 Rc8 16. Kb1 Be7 $15) 14. Kb1 O-O 15. Qf2 {[%csl Yf3][%cal
Gg2g4] White intends to play g4, protecting f3-pawn first.} Rfc8 16. g4 b4 {
Black is clearly first in this mutual play.} (16... Nxd3 17. cxd3 b4 18. Ne2 e5
19. Rc1 Qb7 $17) 17. Bxe5 (17. Ne2 a5 $17 {[%cal Ga5a4]} (17... Nxd3 18. cxd3
Qc2+ 19. Ka1 {and black doesn't have anything forced.})) 17... dxe5 18. Ne2 a5
19. h4 (19. g5 hxg5 20. h4 a4 21. Nbc1 g4 22. fxg4 b3 $1 $40 {And black is the
first who starts his attack.}) 19... a4 20. Nd2 {[%tqu "En","","","","d7b5",
"This move breaks the defense.",10]} Bb5 $1 $19 {[%csl Rc2] This move breaks
the defense.} 21. Rc1 (21. Bxb5 Qxc2+ 22. Ka1 a3 23. Rb1 Qxd2 $19 (23... axb2+
$2 24. Rxb2 Rxa2+ 25. Rxa2 $1 (25. Kxa2 Ra8+ {mating.}))) 21... Bc5 22. Qe1 {
White gets rid of the troubles by losing the pawn.} (22. Qg2 Be3 $1 23. Ng3
$140 a3 $1 $19) 22... Bxd3 23. cxd3 Qd7 {[%csl Rd3]} 24. d4 $1 {[%mdl 256]
That is the best way to give up the pawn.} Bxd4 25. Nxd4 exd4 {I wanted to
have my extra pawn passed.} (25... Qxd4 26. Qe2 a3 27. Nb3 $17) 26. Qe2 d3 (
26... b3 27. a3 Rxc1+ 28. Rxc1 Rc8 29. Rc4 e5 $19) 27. Qe3 Qb5 28. Qd4 e5 $6 (
28... b3 $1 29. Rxc8+ Rxc8 30. axb3 axb3 31. g5 hxg5 32. hxg5 Nd7 $19 {[%cal
Gc8c2]}) 29. Qd6 b3 (29... Ne8 30. Qd5 Qxd5 31. exd5 Nf6 $19 (31... Rd8 32. Nc4
)) 30. axb3 axb3 $2 {Unfortunately I missed here the way to finish the game
quickly, and suddenly it turned unclear.} (30... Rc2 $1 31. Rxc2 dxc2+ 32. Kxc2
axb3+ 33. Kb1 Ra4 $1 $19 {[%cal Ra4d4]} (33... Qa5 34. Qa3 Qd8 $1 $19 {[%csl
Rd2][%cal Rd8d3]})) 31. Rxc8+ Rxc8 32. Qa3 Qb6 {That was my idea while I
played 29...b3.} (32... Rc2 33. Rd1 $1 (33. Qxb3 Qa6 34. Rd1 Rc5 $1 $19 {
[%cal Gc5a5]}) 33... Nd7 {[%cal Gd7c5]} 34. Qxb3 Qa6 35. Qa3 Qb6 36. Nb3 $132)
(32... Rb8 33. Rc1 $132 {[%cal Gc1c3]}) 33. Qxb3 Qe3 34. Rc1 $1 {[%mdl 256] My
opponent finds out best defensive moves.} Rxc1+ 35. Kxc1 Nd7 36. Qd1 Nc5 37.
Kb1 Ne6 (37... Qe2 38. Kc1 $1 Qf2 39. Kb1 $1 {and nothing clear.}) 38. Nc4 Qd4
39. Qc1 Nf4 (39... f6 40. Nd2 Kh7 41. Qc8 Qg1+ 42. Ka2 Nd4 43. g5 $3 {[%mdl
256] and white gets a counterplay against the black king.}) 40. Qc3 Qg1+ {
I had 2-3 sec. for the last move, and luckely it wasn't so difficult to make
it over here.} 41. Ka2 Ne2 {Unfortunately, I can not play quitely 41...f6. But
the forthcoming complications lead to the draw. :(} (41... f6 42. Ne3 $3 {
[%cal Rc3c8]}) 42. Qxe5 $11 Nc1+ 43. Ka3 d2 (43... Qd1 44. Qe8+ Kh7 45. Qb5
Qxf3 46. Qf5+ $14 {with better ending for white.}) 44. Qb8+ Kh7 45. Nxd2 Qc5+ (
45... Qc5+ 46. Qb4 Qa7+ 47. Qa4 Qc5+ 48. Qb4 $11 (48. b4 $2 Qc3+ 49. Nb3 Nd3 $1
$19 {[%cal Rc3b2]})) 1/2-1/2